| 000 | 01566cam a22003735a 4500 | ||
|---|---|---|---|
| 001 | 12499803 | ||
| 005 | 20220326193356.0 | ||
| 008 | 010427s2001 fr a bc 000 0 fre d | ||
| 010 | _a 2001438260 | ||
| 020 | _a2913387039 | ||
| 035 | _a(CMalG) (Voyager)575658 | ||
| 035 | _a(CStRLIN)CJPA2575658-B | ||
| 040 |
_aNNWhit _cNNWhit _dCMalG _dDLC |
||
| 042 | _alccopycat | ||
| 043 | _an-us--- | ||
| 082 |
_a708 _bK971k |
||
| 100 | 1 |
_aKusama, Yayoi. _95504 |
|
| 245 | 1 | 0 |
_aYayoi Kusama. _cXavier Douroux, Franck Gautherot, Seung-duk Kim, Pascal Pique and Eric Troncy |
| 260 |
_a[Dijon] : _bPresses du réel : _bJanvier, _cc2001. |
||
| 300 |
_a287 p. : _bill. (chiefly col.) ; _c27 cm. |
||
| 500 | _aCatalog of an exhibition at the Consortium, contemporary art center, Dijon, Nov. 2000-Jan. 2001 and at six other European and Asian venues through winter 2002. | ||
| 505 | _tCatalog of an exhibition at the Consortium, contemporary art center, Dijon, Nov. 2000-Jan. 2001 and at six other European and Asian venues through winter 2002. | ||
| 600 | 1 | 0 |
_aKusama, Yayoi _vExhibitions. _95505 |
| 650 | 0 |
_aPerformance art _zUnited States _xHistory _y20th century. _95508 |
|
| 700 |
_aYayoi Kusama. _95509 |
||
| 700 |
_aXavier Douroux _95510 |
||
| 700 |
_aFranck Gautherot _95511 |
||
| 700 |
_aSeung-duk Kim _95512 |
||
| 700 |
_a Pascal Pique _95513 |
||
| 700 |
_aEric Troncy _95514 |
||
| 710 | 2 |
_aConsortium (Art center : Dijon, France) _95515 |
|
| 906 |
_a0 _bibc _ccopycat _d3 _encip _f20 _gy-gencatlg |
||
| 999 |
_c1051 _d1051 |
||